Địa danh Thái Nghệ An

محفوظ في:
التفاصيل البيبلوغرافية
المؤلف الرئيسي: Quán Vi Miên
التنسيق: كتاب
اللغة:Vietnamese
منشور في: H. Lao động 2011
الموضوعات:
الوسوم: إضافة وسم
لا توجد وسوم, كن أول من يضع وسما على هذه التسجيلة!
Thư viện lưu trữ: Mạng thư viện Đại học Đà Nẵng
LEADER 01174aam a22003618a 4500
001 000016218
003 12616
005 20120727080709.0
008 120727s2011 viesd
020 |d 2000b 
041 0 |a vie 
082 1 4 |2 14  |a 910.59742  |b QU-M 
100 0 |a Quán Vi Miên 
245 0 0 |a Địa danh Thái Nghệ An  |c Quán Vi Miên 
260 |a H.  |b Lao động  |c 2011 
300 |a 205 tr  |c 21cm 
500 |a ĐTTS ghi: Hội Văn nghệ dân gian Việt Nam 
546 |a Chính văn bằng 2 thứ tiếng: Việt - Ba Na 
650 7 |2 Bộ TK TVQG 
650 7 |2 Bộ TK TVQG 
651 7 |2 Bộ TK TVQG  |a Việt Nam 
653 |a Thái  |a Nghệ An 
655 7 |2 Bộ TK TVQG  |a Sử thi 
OWN |a LSP 
AVA |a UDN50  |b LSP  |d 910.59742 QU-M  |e available  |t Error 5001 Not defined in file expand_doc_bib_avail.  |f 1  |g 0  |h N  |i 0  |k 1 
999 |a From the UDN01 
AVA |a UDN50  |b LSP  |d 910.59742 QU-M  |e available  |t Error 5001 Not defined in file expand_doc_bib_avail.  |f 1  |g 0  |h N  |i 0  |k 1 
TYP |a Monograph 
TYP |a Printed language 
980 |a Mạng thư viện Đại học Đà Nẵng